Espacio y tiempo escolar en la Escuela Normal Central de Maestras de Madrid durante la época de la restauración /

Detalles Bibliográficos
Autor principal: Colmenar Orzaes, Carmen
Formato: Libro
Lenguaje:inglés

MARC

LEADER 00000cam a2200000 a 4500
001 040087
003 UAHC_CL
005 20170803124423.0
008 060714b xx j 000 1 eng
040 |a UAHC_CL  |c UAHC_CL  |d UAHC_CL 
100 1 |a Colmenar Orzaes, Carmen 
245 1 0 |a Espacio y tiempo escolar en la Escuela Normal Central de Maestras de Madrid durante la época de la restauración /  |c Carmen Colmenar. 
500 |a Revista Complutense de Educación. --Vol. 5, Nº2 (1994) pp. 47-58. 
900 |a REV. COMPLUT. EDUC.-02/94 
942 |c BK 
999 |c 40087  |d 40087